| 000 | 00791cam a2200205 4500 | ||
|---|---|---|---|
| 001 | WS117829 | ||
| 008 | 020503n 000 0 eng u | ||
| 035 | _a(Sirsi) u117829 | ||
| 110 |
_aAustralian Institute of Quantity Surveyors _92261 |
||
| 245 | _aAustralian Institute of Quantity Surveyors | ||
| 520 | _aWeb site for the regulatory body for quantity surveyors in Australia. Includes their code of professional conduct, a directory of members and a definition of quantity surveying. | ||
| 650 | _aAUSTRALIA | ||
| 650 | _aINTERNATIONAL | ||
| 650 | _aORGANISATION | ||
| 650 | _aQUANTITY SURVEYORS | ||
| 650 | _aCODE OF CONDUCT | ||
| 690 | _aBUILT ENVIRONMENT-BUILDING COSTS | ||
| 856 | 4 | 0 |
_uhttps://www.aiqs.com.au _zView the website free of charge at www.aiqs.com.au... |
| 942 | _n0 | ||
| 999 |
_c120030 _d120030 |
||